Význam teórie účtovníctva v praxi

Účtovníctvo nie je teoreticky vymedzeným exaktným systémom niekoľkých definícií objektov a pravidiel relácií medzi nimi. Za základné súčasti teórie účtovníctva môžeme považovať teóriu oceňovania, bilančné teórie a teórie účtov. Využívanie IAS/IFRS v praxi.

Uložené v:
Podrobná bibliografia
Hlavný autor: Feketeová, Renáta, 1974-
Médium: Kapitola
Jazyk:Slovak
Predmet:
Tagy: Pridať tag
Žiadne tagy, Buďte prvý, kto otaguje tento záznam!

MARC

LEADER 00000naa$a2200000$$$4500
001 0100894
005 20240502072113.8
041 0 |a slo 
044 |a SK 
245 1 0 |a Význam teórie účtovníctva v praxi  |c Renáta Feketeová 
520 |a Účtovníctvo nie je teoreticky vymedzeným exaktným systémom niekoľkých definícií objektov a pravidiel relácií medzi nimi. Za základné súčasti teórie účtovníctva môžeme považovať teóriu oceňovania, bilančné teórie a teórie účtov. Využívanie IAS/IFRS v praxi. 
610 2 0 |a účtovníctvo 
610 2 0 |a teória a prax 
610 2 0 |a oceňovanie 
610 2 0 |a bilancie 
610 2 0 |a účty 
100 1 |a Feketeová, Renáta, 1974-